000 00792nam a22002177a 4500
999 _c19989
_d19989
003 AR-CdUCM
008 190524b ||||| |||| 00| 0 spa d
040 _aMUNICIPALIDAD PROVINCIAL DEL CUSCO
_cBIBLIOTECA MUNICIPAL DEL CUSCO
082 _a891.32 /
_bD93
100 _aDostoyevsky, Fedor :
_941817
245 _aLos hermanos karamazof
260 _aBuenos Aires :
_bTor,
_c1946.
300 _a258 páginas ;
_c24 cm.
440 _aBiblioteca las obras famosas
_925770
505 _aContenido: Capitulo primero, una reunión desgraciada -- Libro segundo, historia de una familia -- Libro quinto, en pro y en contra...
650 _aliteratura de Dostoyevsky
_941818
650 _aKaramazof
_941819
700 _aZamacois, J. (traducción)
_941820
942 _2ddc
_cLIBROS
945 _aAndy